| 000 | 00933nam a2200265 i 4500 | ||
|---|---|---|---|
| 001 | 000027696 | ||
| 003 | DO-SdBNP | ||
| 005 | 20250902134702.0 | ||
| 007 | ta | ||
| 008 | 110404s1939 dr r 000 0 spa d | ||
| 040 |
_aDO-SdBNP _bspa _cBNPHU _erda |
||
| 041 | _aspa | ||
| 082 | 4 |
_axxx _bR696L _222 |
|
| 100 | 1 |
_aRodríguez Demorizi, Emilio, _d1908-1986 _eautor _4aut. _91039 |
|
| 245 | 1 | 0 |
_aLuperón y Hostos / _cEmilio Rodríguez Demorizi ; prólogo, Pedro Troncoso Sánchez. |
| 264 | 1 |
_aCiudad Trujillo, República Dominicana : _bEditora Montalvo, _c1939. |
|
| 300 |
_a50 páginas ; _c24 cm. |
||
| 336 |
_atexto _btxt _2rdacontent |
||
| 337 |
_asin mediación _bnc _2rdamedia |
||
| 338 |
_avolumen _bnc _2rdacarrier |
||
| 500 | _aIncluye referencias bibliográficas y notas al pie de las páginas | ||
| 590 | _aInventariado, 2025/BT | ||
| 700 | 1 |
_aTroncoso Sánchez, Pedro, _d1904-1989 _eprologuista _4pr. _923599 |
|
| 942 |
_2ddc _cLF2 |
||
| 999 |
_c27188 _d27188 |
||